Geografia Czech i Słowacji od A do Z - Statystyki

Ogólne statystyki
  • Ten quiz został rozwiązany 212 razy
  • Średni wynik to 18 z 23
Statystyki odpowiedzi
Hint Odpowiedź % Poprawnych
B Które miasto jest stolicą Słowacji? Bratysława
99%
C Do roku 1992 zarówno Czechy jak i Słowacja były częścią jednego państwa, jaką nosiło ono nazwę? Czechosłowacja
99%
E Jaką nazwę nosi waluta obowiązująca na Słowacji? Euro
97%
A Stolica, którego innego europejskiego państwa znajduje się zaledwie około 55 km od stolicy Słowacji? Austria
95%
K Jaką nazwę ma waluta obowiązująca w Czechach? Korona czeska
95%
N Z jakim krajem graniczą Czechy od zachodu? Niemcy
95%
D Jaką nazwę nosi rzeka przepływająca przez słowacką stolicę? Dunaj
93%
H Poza piłką nożną, który sport jest uznawany za narodowy sport Czech? Hokej na lodzie
92%
U Z jakim krajem Słowacja dzieli swoją wschodnią granicę? Ukraina
90%
S Jaką nazwę nosi czeski producent aut z siedzibą w Mladá Boleslav? Skoda
86%
G Jaką nazwę nosi leżący na Słowacji najwyższy szczyt Tatr? Gerlach
81%
Z Który kraj wraz z państwami Układu Warszawskiego dokonał zbrojnej agresji na państwo z pytania "C" w 1968 roku? Związek Radziecki
81%
R Wydarzenia które doprowadziły w 1989 roku do upadku władz komunistycznych określa się mianem "Aksamitnej....? Rewolucja
75%
Ś Jaką nazwę nosi najwyższy szczyt Czech? Śnieżka
75%
L Jakie zwierze znajduje się w tzw. "małym herbie" Czech? Lew
73%
M Jaka konstrukcja w czeskiej stolicy jest nazwana na cześć arcyksięcia Karola Habsburga? Most
73%
P Które czeskie miasto jest słynne z produkcji piwa? Pilzno
73%
F Herb Słowacji znajduje się również w którym symbolu tego kraju? Flaga
68%
O Przez Ostrawę przepływają aż trzy rzeki na literę "O", podaj nazwę przynajmniej jednej. Odra, Opawa, Ostrawica
62%
W Jaką nazwę nosi rzeka przepływająca przez czeską stolicę? Wełtawa
57%
J Jak miał na imię dowódca wojsk czeskich walczących po polskiej stronie w czasie bitwy pod Grunwaldem? Jan Żiżka
40%
T Jaką nazwę nosi miasto położone z północno-zachodniej części Słowacji, słynące z faktu, że w II wieku stacjonował tam legion rzymski? Trenczyn
32%
I Jaką nazwę nosi czeska rzeka której nazwa wywodzi się najprawdopodobniej od słowa "Jeż" lub "Igła"? -przepływa przez miasto o takiej samej nazwie. Igława
25%
Nie znaleziono quizów pasujących do podanych kryteriów
Rozkład punktacji
Procent ludzi z każdym wynikiem
Percentyl według liczby udzielonych odpowiedzi
Twoja historia wyników
Nie rozwiązałeś tego quizu